000 00598cam a22002293a 4500
001 14320
003 PGUSA
005 20140828083316.0
008 041210s2004||||xxu|||||s|||||000 p eng d
040 _aPGUSA
_beng
042 _adc
050 4 _aPN
245 1 0 _aLandscape and Song
_h[electronic resource]
260 _bProject Gutenberg,
_c2004
506 _aPublic domain in the USA.
516 _aElectronic text
653 _aPoetry
700 1 _aNesbit, E.
_q(Edith),
_d1858-1924
830 0 _aProject Gutenberg
_v14320
856 4 0 _uhttp://www.gutenberg.org/ebooks/14320
942 _cEB
999 _c243575
_d243575